000 01123nam a22002657a 4500
001 BD-DhSAU 8433
003 BD-DhSAU
005 20220309113817.0
008 150612b2008 bg a|||| m||| 00| 0 eng d
040 _aBD-DhSAU
082 _222
_a...
_b...
100 _aAlam, Ashraful
_eRegistration # 03-01180
245 _aMixing ability and intergenotypic competition from 7x7 uniblends and biblends of mnugbean (vigna radiata L. wilckzek.) genotypes /
_bMS thesis
260 _aSher-e-Bangla Agricultural University :
_bDepartment of Genetics & Plant Breeding ,
_c2008.
300 _axiii, 114 p. :
_bill. ;
_c29 cm.
500 _aMS thesis of Department of Genetics & Plant Breeding, Faculty of Agriculture, Sher-e-Bangla Agricultural University, Dhaka, Bangladesh
504 _aIncludes bibliographical reference.
590 _aJerin
650 _aGenetics & Plant Breeding
650 _agenotypes
700 _aBhuiyan, Shahidur Rashid
_eSuperviser
700 _aMahmud, Firoz
_eCo-superviser
856 _uhttp://archive.saulibrary.edu.bd:8080/xmlui/handle/123456789/695
942 _2ddc
_cTHESIS
999 _c8433
_d8433